| 000 | 00771nam a2200217Ia 4500 | ||
|---|---|---|---|
| 999 |
_c65231 _d65231 |
||
| 005 | 20240530110814.0 | ||
| 008 | 140319s2006 au a f b 000 0 ara d | ||
| 017 | _bمصر. دار الكتب | ||
| 040 |
_aGCL / _cGCL |
||
| 082 | 0 | 4 |
_221 _a796.325 / _bز ك |
| 100 | 0 | _aزكى محمد محمد حسن | |
| 245 | 1 | 2 |
_aالكرة الطائرة الشاطئية : _bالعصر الذهبى للرمل / _cزكى محمد محمد حسن |
| 250 | _aط.1 | ||
| 260 |
_aالاسكندرية : _bالمكتبة المصرية، _c2006 . |
||
| 300 |
_a543 ص. : _bايض. ؛ _c24 سم. |
||
| 650 | 0 | 7 |
_aكرة الشاطئ _2qrmak |
| 650 | 0 | 7 |
_aالكرة الطائرة _2qrmak |
| 651 | _2qrmak | ||
| 942 |
_2ddc _cBK |
||